Talent management practices: (Record no. 60232)

MARC details
000 -LEADER
fixed length control field 00621nam a22002057a 4500
005 - DATE AND TIME OF LATEST TRANSACTION
control field 20260309140603.0
008 - FIXED-LENGTH DATA ELEMENTS--GENERAL INFORMATION
fixed length control field 260309b |||||||| |||| 00| 0 eng d
020 ## - INTERNATIONAL STANDARD BOOK NUMBER
International Standard Book Number 9789914766523
050 ## - LIBRARY OF CONGRESS CALL NUMBER
Classification number HF5549.5.T3
Item number M34 2024
100 ## - MAIN ENTRY--PERSONAL NAME
Personal name Magambo, Karani
245 ## - TITLE STATEMENT
Title Talent management practices:
Remainder of title Philosophy and theory/
260 ## - PUBLICATION, DISTRIBUTION, ETC. (IMPRINT)
Place of publication, distribution, etc UNISA
Name of publisher, distributor, etc University of south Africa
Date of publication, distribution, etc 2024
300 ## - PHYSICAL DESCRIPTION
Extent x, 288P.:
Dimensions 23 cm.
500 ## - GENERAL NOTE
General note includes bibliographical references and index
650 ## - SUBJECT ADDED ENTRY--TOPICAL TERM
Topical term or geographic name as entry element Personnel management.
650 ## - SUBJECT ADDED ENTRY--TOPICAL TERM
Topical term or geographic name as entry element Employee retention.
650 ## - SUBJECT ADDED ENTRY--TOPICAL TERM
Topical term or geographic name as entry element Strategic planning.
650 ## - SUBJECT ADDED ENTRY--TOPICAL TERM
Topical term or geographic name as entry element Leadership.
942 ## - ADDED ENTRY ELEMENTS (KOHA)
Source of classification or shelving scheme Library of Congress Classification
Item type Book
Holdings
Withdrawn status Lost status Source of classification or shelving scheme Damaged status Not for loan Collection code Home library Current library Shelving location Date acquired Source of acquisition Cost, normal purchase price Total Checkouts Full call number Barcode Date last seen Copy number Price effective from Koha item type
    Library of Congress Classification     Non-fiction Bishop Okullu Memorial Library (Limuru Campus) Bishop Okullu Memorial Library (Limuru Campus) General Circulation 10/03/2026 donation 2875.00   HF5549.5.T3 M34 2024 073177 10/03/2026 1 10/03/2026 Book
    Library of Congress Classification     Non-fiction Bishop Okullu Memorial Library (Limuru Campus) Bishop Okullu Memorial Library (Limuru Campus) On Display 10/03/2026 donation 2875.00   HF5549.5.T3 M34 2024 073178 10/03/2026 2 10/03/2026 Book
    Library of Congress Classification   Not For Loan Non-fiction Nairobi Campus Nairobi Campus Processing Center 10/03/2026 donation 2875.00   HF5549.5.T3 M34 2024 073180 10/03/2026 4 10/03/2026 Book
    Library of Congress Classification   Not For Loan Non-fiction Nakuru Campus Nakuru Campus Processing Center 10/03/2026 donation 2875.00   HF5549.5.T3 M34 2024 073179 10/03/2026 1 10/03/2026 Book